000 00399nam a2200145Ia 4500
008 100415s9999 xx 000 0 und d
082 _b19787
_a634.9(5482)
100 _aAnnmali,R
245 _aJoint Forest Management...
260 _aCHENNAI
_c2000
_bTamil Nadu Forest Department
365 _b0
630 _aJoint Forest Management...
730 _aJoint Forest Management...
942 _cBOOK
999 _c602684
_d602681